000
00229 a2200097 4500
001
46736
100
_a
Farer T
245
_a
War clouds on the Horn of Africa
260
_a
New York
_b
Carnegie endowment
_c
090
_c
29830
_d
29830
942
_a
NUST-CAE
_c
M
_c
22036
999
_c
281809
_d
281809